Programování ve Windows : Win32 API
Enregistré dans:
| Auteur principal: | |
|---|---|
| Format: | Kit Livre |
| Langue: | tchèque |
| Publié: |
Praha :
Computer Press,
1999
|
| Sujets: | |
| Tags: |
Pas de tags, Soyez le premier à ajouter un tag!
|
MARC
| LEADER | 00000npm a22000003a 4500 | ||
|---|---|---|---|
| 001 | stu78226 | ||
| 005 | 20150617225642.2 | ||
| 008 | 021202s1999----xr------------------cze-d | ||
| 040 | |a STU |b slo | ||
| 041 | 0 | |a cze | |
| 044 | |a xr | ||
| 080 | |a 681.3.066 Windows | ||
| 080 | |a 004.42 | ||
| 100 | 1 | |a Petzold, Charles |4 aut | |
| 245 | 1 | |a Programování ve Windows : |b Win32 API | |
| 260 | |a Praha : |b Computer Press, |c 1999 | ||
| 650 | 7 | |a Windows |2 stusub | |
| 650 | 7 | |a Win32 API |2 stusub | |
| 996 | |b 284M050902 |c M*CD-316 |l MMKN |s A |a 24 |w stu78226_0001 | ||